000 00560nam a2200181Ia 4500
003 GCL
008 140319s9999 xx 000 0 ara d
040 _aGCL /
_cGCL
082 0 4 _a418.2
_bر ا
100 1 _aريج، دانيل
245 1 0 _aاتعلم العربية /
_cريج، دانيل
300 _a209
490 _aالهيئة العامة للاستعلامات
_v0
650 0 4 _aاللغة العربية
650 0 4 _aاللغة العربية - النحو
650 0 4 _aاللغة العربية - تعليم وتدريس
942 _2ddc
_cBK
999 _c52145
_d52145